000 003260000a22001450004500
003 MACL
040 _aMACL
090 _c42609
_d42607
100 _aNabhi Publication
245 _aHandbook of Visa Information
260 _bNabhi Publication
_c2007
350 _a895
650 _aSerial Publication
942 _cBOOK
_k050/NAB
999 _c42158
_d42158